000 00995nam a22003257a 4500
003 CHAP
005 20220817042018.0
008 971013s1978 r 00010 d
010 _a31780
011 _a32752
035 _a36867
040 _cCHAP
082 0 4 _a338.972
_bL64
100 0 0 _aLópez Díaz, Pedro.
_967834
245 1 _aCapitalismo y crisis en México
260 _aMéxico :
_bFondo de Cultura Económica,
_c1978
300 _a268 p.
_b: gráfs.
490 _aEconomía
590 _aBATCH-UPD
_b10
_c20130110
_lUCH01
_h1236
590 _aBATCH-UPD
_b10
_c20130410
_lUCH01
_h0804
590 _aBATCH-UPD
_b10
_c20130914
_lUCH01
_h1633
590 _aCONVERSION
_b10
_c20130109
_lUCH01
_h1318
650 1 4 _aIndustria
_xMéxico.
_957751
650 1 4 _aMéxico
_xCondiciones económicas.
650 1 4 _aPolítica económica
_zMéxico.
_990535
830 _aEconomía
_935227
901 _aBK
942 _cLIBRO
949 _a338.972 L64
_bBC
_cLIBRO
_d-84753
_eLIBRO
_h4040
_i36867
_si
_t88.00
999 _c31780
_d31780